000 00432nam a2200181Ia 4500
001 24274
005 20260414151032.0
008 260414t2017||||xx |||||||||||||| ||spa||
041 _aESP
082 _a345.2
_bI25
100 _aIberico Castañeda, Luis Fernando
_eAUT
245 0 _aLa etapa intermedia
_b
260 _c2017
300 _a541 páginas :
_c25 cm.
650 _aDER
654 _aCDE
942 _cLIB
_dJUS
_fJUS
_2ddc
_n
999 _c24274
_d24274